عرض عادي عرض مارك
  • Gray, Henry,

مدخل إسم شخص

عدد التسجيلات المستخدمة في: 1

001 - رقم الضبط

  • حقل الضبط: 64810

003 - معرف رقم الضبط

  • حقل الضبط: OSt

005 - تاريخ ووقت أخر عملية

  • حقل الضبط: 20180904161922.0

008 - عناصر بيانات ثابتة الطول

  • حقل تحكم ثابت الطول: 180904|| aca||aabn | a|a d

040 ## - مصدر الفهرسة

  • هيئة الفهرسة الأصلية: OSt
  • وكالة الكتابة: OSt

100 ## - مدخل -- أسم شخص

  • إسم شخص: Gray, Henry,
  • تواريخ مرتبطة بالاسم: 1825-1861.
  • عنوان العمل: Anatomy

670 ## - بيانات المصدر موجوده

  • الاستشهاد بالمصدر: Work cat.: (OSt)0: Drake, Richard L. (Richard Lee), 1950- author 64806, Gray's Anatomy for students /